MDQL
is popping MORE tags! Check the
thread
!
Quizzes
Events
Quiz Creation
Community
Videos
Private Events
Remove Ads
Sign In
Join for FREE
Feedback
Dark Mode
Quiz Categories
Sports
Geography
Music
Movies
Television
Just For Fun
Miscellaneous
History
Literature
Language
Science
Gaming
Entertainment
Religion
Holiday
For Kids
Quiz Lab
Recent
Popular Today
Quiz Kudos Today
Editor Picks
Curator Picks
Quizzes by...
Day
Popularity
Type
Ratings
Length
Year
Community
Subscriptions
Recent Discussions
Orange Saloon
Badges
Playlists
Quests
Create
Leaderboards
Showdown
Live 5
Trivia Bingo
Activity
Puzzle Library
Sporcle Events
Private Events
Virtual Trivia
Globe League
Become a Host
Pub Owners
SporcleCon
Opinionation
Our Games
Videos
Blog
Mobile Apps
Partnerships
Remove Ads and Go Orange
Feedback
Sports
Athletes
MLB
NBA
NHL
NFL
Soccer
Sports Teams
WWE
NCAA
Football
Premier League
Basketball
Baseball
Hockey
Golf
Tennis
Cricket
Rugby
Auto Racing
Olympics
World Cup
Sports
Athletes
MLB
NBA
NHL
NFL
Soccer
Sports Teams
WWE
NCAA
Football
Premier League
Basketball
Baseball
Hockey
Golf
Tennis
Cricket
Rugby
Auto Racing
Olympics
World Cup
Random Quiz
Search Sporcle
×
Quiz Lab
Quiz Lab
Sports
Soccer
Type in answers that appear in a list
Type in answers that appear in a list
Classic
Best Score? Go Orange.
Most Used in the Champions League: Jose Mourinho Stats
Name the players used most in the CL by Mourinho
By
thehobnailgooner
8m
21 Questions
987 Plays
987 Plays
987 Plays
Comments
Comments
Give Quiz Kudos
Give Quiz Kudos
-
- Ratings
hide this ad
Replay
Link that replays current quiz
Next Quiz
Link to next quiz in quiz playlist
You Got
0%
They Got
Avg Score
75%
Avg Friend Score
Upgrade to see
Score Distribution
Jump to the score distribution portion of the page
Score
0/21
Timer
08:00
0
Plays Today
Club
Player
% Correct
Real Madrid
Cristiano Ronaldo
98.4%
Real Madrid
Sergio Ramos
96%
Chelsea
Frank Lampard
95.3%
Chelsea
John Terry
95%
Chelsea
Didier Drogba
93.6%
Porto, Chelsea, Real Madrid
Ricardo Carvalho
91.2%
Real Madrid
Karim Benzema
89.4%
Real Madrid
Iker Casillas
89.4%
Chelsea
Petr Cech
88.9%
Real Madrid
Pepe
79%
Chelsea, Manchester United
Nemanja Matic
76.1%
Club
Player
% Correct
Chelsea, Real Madrid
Michael Essien
70.1%
Real Madrid
Mesut Özil
69.1%
Real Madrid
Xabi Alonso
65.9%
Porto, Chelsea
Paulo Ferreira
65.6%
Real Madrid
Angel di Maria
63.4%
Real Madrid
Sami Khedira
60.7%
Real Madrid
Alvaro Arbeloa
60.3%
Real Madrid
Gonzalo Higuain
57.8%
Chelsea
Claude Makelele
53.9%
Chelsea
Willian
21.1%
Quiz Playlist
Details
Report
Send in Message
Add To Playlist
Classic:
Type in answers that appear in a list
Last Updated: May 15, 2020
Quiz Scoreboard
CHALLENGE
Sign Up to Join the Scoreboard
Show All
Scores
Hide
Comments
May contain spoilers
Recently Published
Holiday 10x10 Sorting Gallery
by lukepisani3
Holiday
15m
Two Season TV Shows II
by 123Four
Television
10m
Image Sorting: Flags VI
by Barbecue
Geography
2m
More to Explore
Quiz From the Vault
Featured Blog Post
14 Easter Pick-up Lines to Find Eggs With
hide this ad
You Might Also Like...
Tags
Football Quiz
Soccer Quiz
Chelsea
Manchester United
Mourinho
Real Madrid
UEFA Champions' League
Today's Top Quizzes in Sports
Browse Sports
hide this ad
Today's Top Quizzes in Soccer
Browse Soccer
Top Contributed Quizzes in Sports
1
Les meilleurs buteurs des matchs entre le PSG et l’OM
2
Les entraîneurs de l'OM et du PSG au 21e siècle
3
2022 World Cup Stars
4
Players with Multiple 50 Home Run Seasons
5
Les joueurs passés par le PSG et l'OM
6
FIFA Club World Cup Champions
7
Top 10 NHL Goal Scorers of All Time
8
Criteria MLB: Left Handed Sluggers
9
Les joueurs passés par le LOSC et le RC Lens
10
2023 MLB Unique Player Accomplishments
Explore More
Trending Topics
Disney
Anime
Marvel
Harry Potter
Crossword
NBA
Kpop
The Office
Pokémon
Song
NFL
Puzzle
Country
Soccer
WWE
hide this ad
More By:
thehobnailgooner
Quiz
Plays
Rating
Category
Featured
Created
Most Used in the Champions League: Pep Guardiola
4,290
5.00
Sports
May 14, 2020
Most Used in the Champions League: Jurgen Klopp
1,110
5.00
Sports
May 14, 2020
Most Used in the Champions League: Sir Alex Ferguson
1,062
5.00
Sports
May 15, 2020
Most Used in the Champions League: Carlo Ancelotti
1,000
5.00
Sports
May 14, 2020
Most Used in the Champions League: Jose Mourinho
987
5.00
Sports
May 15, 2020
Go to Creator's Profile
Score Distribution
Quiz Creator Spotlight
thehobnailgooner
Follow
Send a Message
Quizzes Created
-
Created Quiz Play Count
-
More By This Creator
Popular Quizzes Today
1
Find the US States - No Outlines Minefield
2
Colored Red Africa Blitz
3
Find the 'City' Movie
4
The Countries of the World
5
Find the US States
6
5x2 Blitz: Bands
7
Find the Countries of Europe - No Outlines Minefield
8
US States
More Sports Quizzes
2001 - 2020 Goalscorers in National Squads: Germany
Quiz Lab
Trending Quizzes
Colored Red Europe Blitz I
Colored Red Europe Blitz II
Colored Red Africa Blitz II
Colored Red Africa Blitz III
Colored Red Europe Blitz III
Recently Updated
Odd Team Out - Big 4 Players
pecheneg
Quick Pick: 20 Twenties
pecheneg
March Madness Men's Triple Doubles
pecheneg
How Do You Spell That?
pecheneg
Godzilla Movies
pecheneg
Grab Bag: 4-10 Letters
pecheneg
2024 March Madness Bracket
pecheneg
Famous TV Couples
Peacemaker
Champions League XIs: Real Madrid
pecheneg
Largest US Cities 1790-2010
pecheneg
Trending Topics
Marvel
NBA
Disney
Harry Potter
Anime
Crossword
Kpop
The Office
Country
WWE
Pokémon
NFL
Song
Puzzle
Soccer
Your Account Isn't Verified!
In order to create a playlist on Sporcle, you need to verify the email address you used during registration. Go to your
Sporcle Settings
to finish the process.
Report this User
Report this user for behavior that violates our
Community Guidelines
.
Details:
Send Report
Go to the Sporcle.com Mobile Site →
Comments